000 00485nam a2200169Ia 4500
003 GCL
008 140319s9999 xx 000 0 ara d
040 _aGCL /
_cGCL
082 0 4 _a811.008
_bع ع
100 1 _aصلاح عبدالصبور (تقديم)
245 1 0 _aعلى محمود طه : قصائد /
_cصلاح عبدالصبور (تقديم)
300 _a133 ص
490 _a
650 0 4 _aالادب العربى
650 0 4 _aالشعر - مجموعات
942 _2ddc
_cBK
999 _c41504
_d41504